[Event "Schleswig-Holstein-ch Basis"]
[Site "Buesum"]
[Date "2010.04.01"]
[Round "8"]
[White "Pammer, Frank"]
[Black "Ketelsen, Herbert"]
[Result "0-1"]
[WhiteElo "1421"]
[BlackElo "1453"]
[PlyCount "44"]
[EventDate "2010.03.27"]
[EventType "swiss"]
[EventRounds "9"]
[EventCountry "GER"]
[SourceTitle "EXT 2023"]
[Source "ChessBase"]
[SourceDate "2022.10.05"]
[SourceVersion "1"]
[SourceVersionDate "2022.10.05"]
[SourceQuality "1"]

1. d4 d5 2. Bf4 e6 3. Nf3 Nf6 4. e3 Be7 5. Bd3 b6 6. 0-0 Nbd7 7. Nbd2 c5 8. c4 Bb7 9. Rc1 Rc8 10. cxd5 Nxd5 11. Be4 N7f6 12. Be5 0-0 13. dxc5 Nxe4 14. Nxe4 Bxc5 15. Nxc5 bxc5 16. a3 f6 17. Qb3 Ba6 18. Rfd1 fxe5 19. Nxe5 Qb6 20. Qc2 Rf5 21. Nd7 Qb5 22. Rxd5 Rxd5 0-1

[Event "Schleswig-Holstein-ch Basis"]
[Site "Buesum"]
[Date "2010.03.29"]
[Round "4"]
[White "Pammer, Frank"]
[Black "Weber, Ulrich1111"]
[Result "0-1"]
[WhiteElo "1421"]
[BlackElo "1332"]
[PlyCount "102"]
[EventDate "2010.03.27"]
[EventType "swiss"]
[EventRounds "9"]
[EventCountry "GER"]
[SourceTitle "EXT 2023"]
[Source "ChessBase"]
[SourceDate "2022.10.05"]
[SourceVersion "1"]
[SourceVersionDate "2022.10.05"]
[SourceQuality "1"]

1. d4 Nf6 2. Nf3 e6 3. Bf4 b6 4. e3 Bb7 5. Be2 d5 6. 0-0 Nbd7 7. Nc3 a6 8. h3 Be7 9. Ne5 0-0 10. a3 c5 11. Nxd7 Nxd7 12. dxc5 bxc5 13. b3 Bf6 14. Qd3 Ne5 15. Qd2 Ng6 16. Bg3 Qa5 17. b4 cxb4 18. axb4 Qxb4 19. Rab1 Qxc3 20. Qxc3 Bxc3 21. Rxb7 a5 22. Bd6 Rfd8 23. Ba3 Ne5 24. Rfb1 Nc4 25. Bxc4 dxc4 26. Rc7 Rdc8 27. Rbb7 Rxc7 28. Rxc7 Be5 29. Rxc4 Rd8 30. Kf1 f6 31. f4 Bd6 32. Rd4 Bc7 33. Rxd8+ Bxd8 34. Bc5 Kf7 35. Ke2 Be7 36. Bd4 Bd6 37. c4 e5 38. Bc3 a4 39. g3 a3 40. Kd2 Ke6 41. Kc2 Kf5 42. Kb3 Bc5 43. Bd2 Ke4 44. Bc1 Kd3 45. f5 a2 46. Bb2 Bxe3 47. g4 Bd4 48. Kxa2 Bxb2 49. Kxb2 Kxc4 50. h4 Kd3 51. g5 Kd2 0-1

[Event "Schleswig-Holstein-ch Basis"]
[Site "Buesum"]
[Date "2010.03.29"]
[Round "3"]
[White "Ritter, Klaus"]
[Black "Pammer, Frank"]
[Result "0-1"]
[WhiteElo "1353"]
[BlackElo "1421"]
[PlyCount "100"]
[EventDate "2010.03.27"]
[EventType "swiss"]
[EventRounds "9"]
[EventCountry "GER"]
[SourceTitle "EXT 2023"]
[Source "ChessBase"]
[SourceDate "2022.10.05"]
[SourceVersion "1"]
[SourceVersionDate "2022.10.05"]
[SourceQuality "1"]

1. e4 e6 2. g3 d5 3. Bg2 dxe4 4. Bxe4 Nf6 5. Nc3 Nxe4 6. Nxe4 b6 7. Nf3 Bb7 8. Qe2 Be7 9. 0-0 0-0 10. d3 Nd7 11. Bd2 Nf6 12. Nxf6+ Bxf6 13. Rab1 Qd5 14. Kg2 Qf5 15. Rfe1 Bxf3+ 16. Qxf3 Qxf3+ 17. Kxf3 Rfd8 18. Bf4 Rd7 19. Be5 Bxe5 20. Rxe5 Rad8 21. Rbe1 g6 22. h3 Kg7 23. g4 Rd6 24. R1e2 c5 25. Kg3 c4 26. dxc4 Rd2 27. b3 h6 28. a4 Kf6 29. R5e3 R8d7 30. Rf3+ Ke7 31. Rfe3 Kf6 32. Re4 Ke7 33. R4e3 Kf6 34. b4 Rxe2 35. Rxe2 Rd4 36. c5 bxc5 37. bxc5 Rxa4 38. Re3 Rc4 39. Ra3 Rxc5 40. c3 a5 41. Kf3 Kg5 42. Kg3 f5 43. f4+ Kf6 44. Kf3 fxg4+ 45. hxg4 g5 46. fxg5+ Kxg5 47. c4 Kf6 48. Re3 h5 49. gxh5 Rxh5 50. c5 Rh3+ 0-1